00361nam a2200133Ia 4500008004100000041000800041082001500049100002000064245004400084250002200128260003200150300003200182365001300214240624s9999 xx 000 0 und d aeng a658.81 MIL aMILLER ROBERT B aNEW CONCEPTUAL SELLING THE CONSULTATIVE a(Revised 2nd ed.) c2011aNew DelhibKogan Page axiii, : 226 : p. : cm. ; 23 cRSb33.5